[Event "Challenge"]
[Site "http://www.queenalice.com/game.php?id=235177"]
[Date "2007.7.5"]
[Round "-"]
[White "SS_SLAYER"]
[Black "sephiroth"]
[Result "1-0"]
[WhiteElo "1674"]
[BlackElo "1180"]

1. Nf3 Nc6 2. Nc3 b6 3. e4 Nf6 4. e5 Ng4 5. d4 e6 6. h3 Nh6 7. d5 Nb4 8. a3 Na6
9. Bg5 Be7 10. Bxh6 gxh6 11. Qd2 Nc5 12. Qxh6 Bf8 13. Qh5 Ba6 14. Ng5 Qe7 15.
Bxa6 Nxa6 16. Nce4 Bg7 17. d6 cxd6 18. Rd1 Bxe5 19. f4 Bxb2 20. Nxd6+ Kd8 21.
Qf3 Nc7 22. Ngxf7+ Qxf7 23. Nxf7+ Ke7 24. Nxh8 Rxh8 25. O-O d5 26. Rfe1 Rd8 27.
f5 a5 28. Qb3 Bg7 29. Qxb6 Kd7 30. fxe6+ Kc8 31. Qxa5 Bf8 32. Rb1 d4 33. Qa7 Nd5
34. Rb8# 1-0

[Event "Challenge"]
[Site "http://www.queenalice.com/game.php?id=236979"]
[Date "2007.7.9"]
[Round "-"]
[White "luisalberto"]
[Black "SS_SLAYER"]
[Result "0-1"]
[WhiteElo "1087"]
[BlackElo "1687"]

1. e4 e5 2. d4 exd4 3. Qxd4 Nc6 4. Qe3 Be7 5. Nc3 Nf6 6. Bb5 O-O 7. Nf3 Bb4 8.
Qf4 Nxe4 9. Qxe4 Re8 10. Ne5 Rxe5 11. Qxe5 Nxe5 12. Bf4 a6 13. Bxe5 axb5 14. a3
f6 15. Bd4 Bxc3+ 16. Bxc3 Qe7+ 17. Kd2 c5 18. Rhe1 Qd6+ 19. Ke3 Qxh2 20. Rg1 b4
0-1

[Event "Challenge"]
[Site "http://www.queenalice.com/game.php?id=237318"]
[Date "2007.7.10"]
[Round "-"]
[White "SS_SLAYER"]
[Black "chessprm"]
[Result "0-1"]
[WhiteElo "1674"]
[BlackElo "1500"]

1. e4 c5 2. d4 cxd4 3. Qxd4 Nc6 4. Qa4 Nf6 5. Nf3 d6 6. Nc3 Bd7 7. Be2 e5 8. O-O
Nd4 9. Qa3 Nxc2 10. Qb3 Nxa1 11. Qd1 Qb6 12. Be3 Qxb2 13. Qxa1 Qxa1 14. Rxa1 a6
15. Bd3 b5 16. a3 Rc8 17. Bd2 Bg4 18. Ne1 Be7 19. a4 b4 20. Nd1 a5 21. Ne3 Bd7
22. Kf1 O-O 23. f3 Bd8 24. Ba6 Rc6 25. Bb5 Rc5 26. Bxd7 Nxd7 27. Nd3 Rc6 28. f4
exf4 29. Nxf4 Re8 30. Nfd5 Rxe4 31. Nc2 Rxc2 32. Rd1 Rd4 33. Ke1 Rxd5 34. g4
Bh4+ 35. Ke2 Bg5 36. Rc1 Rdxd2+ 37. Ke1 Rxc1# 0-1

[Event "Challenge"]
[Site "http://www.queenalice.com/game.php?id=241345"]
[Date "2007.7.17"]
[Round "-"]
[White "SS_SLAYER"]
[Black "kinabkab_na_puke"]
[Result "1-0"]
[WhiteElo "1874"]
[BlackElo "1505"]

1. e4 e5 2. Nf3 d6 3. d4 exd4 4. Qxd4 Nc6 5. Bb5 Bd7 6. Qe3 Nf6 7. O-O Be7 8. e5
Ng4 9. Qe4 Ngxe5 10. Nxe5 dxe5 11. f4 exf4 12. Bxf4 O-O 13. Nc3 Re8 14. Rfe1
Bc5+ 15. Kh1 Rxe4 16. Rxe4 Qf6 17. Rf1 Bd6 18. Bxd6 Qxd6 19. Rd1 Qf6 20. Rxd7 h6
21. Rxc7 a6 22. Bd3 Ne5 23. Nd5 Qg5 24. Nf4 Nxd3 25. Nxd3 Rd8 26. Kg1 Qf5 27.
Rf4 Qh5 28. g4 Qg6 29. Rxb7 h5 30. b4 hxg4 31. Rbxf7 Qxf7 32. Rxf7 Kxf7 33. Ne5+
Ke6 34. Nxg4 Rd2 35. c4 Rxa2 36. b5 axb5 37. cxb5 1-0

[Event "Let's Play Chess!"]
[Site "http://www.queenalice.com/game.php?id=243774"]
[Date "2007.7.22"]
[Round "-"]
[White "ChrisDavison102"]
[Black "SS_SLAYER"]
[Result "0-1"]
[WhiteElo "1927"]
[BlackElo "1559"]

1. e4 e5 2. Nf3 Nc6 3. Bb5 d5 4. exd5 Qxd5 5. Nc3 Qd6 6. O-O Bg4 7. d3 Ne7 8.
Bd2 O-O-O 9. h3 Bxf3 10. Qxf3 Nd4 11. Qd1 Qg6 12. Bc4 Nec6 13. a3 f5 14. Be3 f4
15. Bd2 f3 16. g3 Qh5 17. Kh2 e4 18. Nxe4 Ne5 19. Ng5 Nxc4 20. dxc4 Be7 21. h4
h6 22. Nh3 g5 23. hxg5 hxg5 0-1

[Event "Let's Play Chess!"]
[Site "http://www.queenalice.com/game.php?id=243994"]
[Date "2007.7.23"]
[Round "-"]
[White "SS_SLAYER"]
[Black "Lightningzap007"]
[Result "1-0"]
[WhiteElo "1764"]
[BlackElo "1659"]

1. e4 c5 2. Nf3 d6 3. d4 cxd4 4. Qxd4 Nc6 5. Qe3 Nf6 6. Nc3 Bd7 7. Be2 g6 8. O-O
Bg7 9. e5 dxe5 10. Nxe5 Qc7 11. f4 O-O 12. Nb5 Qc8 13. Nxd7 Qxd7 14. Rd1 1-0

[Event "Challenge"]
[Site "http://www.queenalice.com/game.php?id=243995"]
[Date "2007.7.22"]
[Round "-"]
[White "SS_SLAYER"]
[Black "robert_13"]
[Result "1-0"]
[WhiteElo "1674"]
[BlackElo "1034"]

1. e4 e5 2. Nf3 d6 3. d4 Qe7 4. Nc3 exd4 5. Qxd4 c5 6. Qd5 Na6 7. Bxa6 Nf6 8.
Bb5+ Bd7 9. Qxb7 Qd8 10. Bxd7+ Nxd7 11. Nd5 Rb8 12. Nc7+ Ke7 13. Qxa7 h5 14. Bf4
g5 15. Bxd6+ Kxd6 16. O-O-O+ Ke7 17. Rxd7+ Kxd7 18. Rd1+ Bd6 19. Nb5+ Ke8 20.
Nxd6+ Kf8 21. Qxf7# 1-0

[Event "Challenge"]
[Site "http://www.queenalice.com/game.php?id=243997"]
[Date "2007.7.22"]
[Round "-"]
[White "SS_SLAYER"]
[Black "littleboo"]
[Result "0-1"]
[WhiteElo "1760"]
[BlackElo "2051"]

1. e4 e5 2. d4 exd4 3. Qxd4 Nc6 4. Qe3 Nf6 5. Nf3 Bb4+ 6. c3 Be7 7. Be2 O-O 8.
O-O d5 9. Nbd2 Bd6 10. exd5 Nxd5 11. Qg5 Qxg5 12. Nxg5 Nf4 13. Bf3 Be7 14. Nge4
Ne5 15. Ng5 Bxg5 16. Bd1 Nfd3 17. Nb3 Bxc1 18. Nxc1 Nxb2 19. Be2 Bf5 20. f4 Nec4
21. g4 Be4 22. Nb3 Ne3 23. Rf2 Na4 24. Re1 f5 25. gxf5 Nxc3 26. Bf3 Bxf3 27.
Rxf3 Ned5 28. Re5 c6 29. Rf2 b6 30. Nd4 c5 31. Ne6 Rf7 32. Rd2 Rd7 33. Kf2 Nf6
34. Rxd7 Nxd7 35. Re1 Re8 36. a3 Nf6 37. Rg1 g6 38. Kf1 Ncd5 39. Kf2 Ne4+ 40.
Kf3 Nd6 41. Rd1 Nxf5 42. Rxd5 Rxe6 43. Rd8+ Kf7 44. Rd7+ Re7 45. Rd3 c4 46. Rc3
Nd4+ 47. Kf2 Re2+ 48. Kf1 b5 49. a4 a6 50. axb5 axb5 51. h4 Re4 52. f5 Nxf5 0-1

[Event "Challenge"]
[Site "http://www.queenalice.com/game.php?id=251637"]
[Date "2007.8.6"]
[Round "-"]
[White "SS_SLAYER"]
[Black "dasekeed"]
[Result "1-0"]
[WhiteElo "1811"]
[BlackElo "1547"]

1. e4 e5 2. d4 exd4 3. Qxd4 Nc6 4. Qa4 Nf6 5. Nc3 Bb4 6. Bd2 Qe7 7. O-O-O d6 8.
Nf3 Bd7 9. Nd5 Qe6 10. Bxb4 Nxe4 11. Nf4 Qf5 12. g3 Ne5 13. Qa3 Nxf2 14. Bd3
Nexd3+ 15. cxd3 Nxd1 16. Rxd1 c5 17. Ba5 O-O 18. Nh4 Qg5 19. d4 Rae8 20. dxc5
Bg4 21. Rxd6 Qe5 22. h3 Bc8 23. Qc3 Qg5 24. Nf3 Qxg3 25. Nh5 Qg2 26. Rd1 Bxh3
27. Rg1 Re1+ 28. Rxe1 f6 29. Qb3+ Kh8 30. Qf7 Rg8 31. Re8 Qf1+ 32. Ne1 Qc4+ 33.
Qxc4 Rxe8 34. Nf4 Bf5 35. Qf7 Rc8 36. Nh5 Rg8 37. Nxf6 Rc8 38. Ne8 Rxc5+ 39. Nc2
Rxc2+ 40. Kd1 Bg4+ 41. Ke1 Re2+ 42. Kf1 Rf2+ 43. Kxf2 1-0

[Event "Chess"]
[Site "http://www.queenalice.com/game.php?id=251638"]
[Date "2007.8.6"]
[Round "-"]
[White "SS_SLAYER"]
[Black "A007"]
[Result "0-1"]
[WhiteElo "1687"]
[BlackElo "1690"]

1. e4 e5 2. f4 d6 3. f5 Qh4+ 4. Ke2 Qxe4+ 5. Kf2 Bxf5 6. d3 Qd4+ 7. Ke2 Bg4+ 8.
Nf3 Nf6 9. c3 Qd5 10. Kf2 Be7 11. Be2 e4 12. dxe4 Nxe4+ 13. Kg1 Qf5 14. Nbd2 d5
15. Nd4 Qf2# 0-1

[Event "Let's Play Chess!"]
[Site "http://www.queenalice.com/game.php?id=253926"]
[Date "2007.8.11"]
[Round "-"]
[White "colognestar"]
[Black "SS_SLAYER"]
[Result "0-1"]
[WhiteElo "2039"]
[BlackElo "1684"]

1. e4 e5 2. Nc3 Nf6 3. Bc4 c6 4. d3 d5 5. exd5 cxd5 6. Bb3 Nc6 7. Nf3 d4 8. Ne4
Be6 9. Bxe6 fxe6 10. O-O Qe7 11. a3 a5 12. Bg5 h6 13. Bd2 Qf7 14. b4 Nxe4 15.
dxe4 Bd6 16. c4 dxc3 17. Bxc3 Rd8 18. b5 Nd4 19. Bxd4 exd4 20. e5 Bc5 21. Qd3
Qf5 22. Rfd1 O-O 23. Qxf5 Rxf5 24. Rd3 g5 25. Rc1 Bb6 26. Rc4 g4 27. Ne1 Rxe5
28. Kf1 Rxb5 29. Rg3 h5 30. h3 e5 31. hxg4 e4 32. gxh5+ Kh7 33. Rg4 d3 34. Rcxe4
d2 35. Re7+ Kh8 36. Rgg7 Rxh5 0-1

[Event "Challenge"]
[Site "http://www.queenalice.com/game.php?id=256878"]
[Date "2007.8.17"]
[Round "-"]
[White "Lucioamorim"]
[Black "SS_SLAYER"]
[Result "0-1"]
[WhiteElo "1790"]
[BlackElo "1892"]

1. Nf3 Nc6 2. e4 e5 3. Bb5 Qf6 4. c3 a6 5. Ba4 b5 6. Bc2 Be7 7. O-O Qg6 8. d4 d6
9. Be3 Bh3 10. Ne1 Nf6 11. Kh1 Bd7 12. Nd2 Ng4 13. Nef3 Nxe3 14. fxe3 O-O 15.
Qe1 Bf6 16. Nh4 Qh5 17. Nf5 Ne7 18. Nf3 Rae8 19. Qg3 Bxf5 20. exf5 exd4 21. exd4
Nxf5 22. Bxf5 Qxf5 23. Ne5 Bxe5 24. Rxf5 Bxg3 25. hxg3 Re2 26. b3 Re3 27. a4
bxa4 28. Rxa4 Rxc3 29. Rxa6 Rxb3 30. Ra7 g6 31. Rf4 Rc8 32. Kh2 Kg7 33. g4 h6
34. Re4 Rb4 35. Rf4 g5 36. Re4 c5 37. Ree7 Rxd4 38. Rxf7+ Kg6 39. Rg7+ Kf6 40.
Rae7 Rxg4 41. Rgf7+ Kg6 42. Rg7+ Kh5 43. Re6 d5 44. Rh7 Re4 45. Rhxh6+ Kg4 46.
Rd6 c4 47. Rxd5 c3 48. Rg6 c2 49. Rgxg5+ Kf4 50. Rdf5+ Ke3 51. Rf3+ Kd4 52. Rgg3
Rh8+ 53. Rh3 Rxh3+ 54. Rxh3 c1=Q 0-1

[Event "Challenge"]
[Site "http://www.queenalice.com/game.php?id=260296"]
[Date "2007.8.23"]
[Round "-"]
[White "SS_SLAYER"]
[Black "lesangesleader"]
[Result "1-0"]
[WhiteElo "1750"]
[BlackElo "1517"]

1. e4 e6 2. d4 d5 3. e5 c5 4. Nf3 a6 5. dxc5 Bxc5 6. Nc3 Nc6 7. Be2 Nge7 8. O-O
Ng6 9. Na4 Ba7 10. c4 dxc4 11. Qxd8+ Nxd8 12. b3 cxb3 13. axb3 Nc6 14. Bb2 b5
15. Nc3 Ncxe5 16. Rfd1 O-O 17. Nxe5 Nxe5 18. Nxb5 axb5 19. Bxe5 f6 20. Bd6 Rf7
21. Bxb5 Bb7 22. Bc4 Bd5 23. Bxd5 exd5 24. Bc5 h6 25. h4 Rd7 26. b4 Kf7 27. Bd4
Ke6 28. h5 1-0

[Event "Challenge"]
[Site "http://www.queenalice.com/game.php?id=264559"]
[Date "2007.8.31"]
[Round "-"]
[White "SS_SLAYER"]
[Black "Nyvang"]
[Result "1-0"]
[WhiteElo "1786"]
[BlackElo "1731"]

1. e4 e5 2. Nf3 d6 3. d4 Bg4 4. Be2 exd4 5. Nxd4 Bxe2 6. Qxe2 Qf6 7. Be3 c5 8.
Nb5 Na6 9. N1c3 Ne7 10. O-O-O Nc6 11. Nd5 Qd8 12. Kb1 Be7 13. Nxe7 Qxe7 14.
Nxd6+ Kf8 15. Qb5 Nd8 16. Bxc5 Nxc5 17. Qxc5 b6 18. Qd5 Rb8 19. Nf5 Qc7 20. Qd6+
Qxd6 21. Rxd6 g6 22. Nd4 Kg7 23. f3 Nb7 24. Rd7 Rhd8 25. Ne6+ 1-0

[Event "Challenge"]
[Site "http://www.queenalice.com/game.php?id=270552"]
[Date "2007.9.12"]
[Round "-"]
[White "Lucioamorim"]
[Black "SS_SLAYER"]
[Result "0-1"]
[WhiteElo "1774"]
[BlackElo "1846"]

1. c4 e5 2. Nc3 Nf6 3. g3 d5 4. cxd5 Nxd5 5. Bg2 Nxc3 6. bxc3 Nc6 7. d3 Be7 8.
Bd2 O-O 9. Nf3 Be6 10. O-O f5 11. Qc1 Bd5 12. c4 Bxf3 13. Bxf3 Nd4 14. Bxb7
Nxe2+ 15. Kg2 Nxc1 16. Raxc1 Qxd3 17. Rfd1 Rad8 18. Bb4 Bxb4 19. Rxd3 Rxd3 20.
Bd5+ Rf7 21. Rb1 a5 22. a3 Rxa3 23. Rd1 Ra2 24. Be6 Kf8 0-1

[Event "Challenge"]
[Site "http://www.queenalice.com/game.php?id=270597"]
[Date "2007.9.12"]
[Round "-"]
[White "SS_SLAYER"]
[Black "silverhawks"]
[Result "1-0"]
[WhiteElo "1863"]
[BlackElo "2039"]

1. e4 d5 2. Nc3 d4 3. Nce2 e5 4. Nf3 Nc6 5. Ng3 Nf6 6. Bb5 Bd7 7. Bxc6 Bxc6 8.
Nxe5 Bd6 9. Nxc6 bxc6 10. d3 O-O 11. O-O c5 12. f4 Be7 13. Nf5 Qd7 14. Nxe7+
Qxe7 15. Qe1 Rab8 16. Qh4 Qe6 17. f5 Qd6 18. Bf4 Qc6 19. e5 Nd5 20. f6 Rxb2 21.
Qg4 g6 22. Bh6 Re8 23. c4 dxc3 24. Rae1 Qe6 25. Qh4 Rxa2 26. Bd2 cxd2 27. Qh6
Qxf6 28. exf6 Nxf6 29. Rxe8+ Nxe8 30. Qe3 Nd6 31. Qxc5 h5 32. Qxc7 Nf5 33. Qb8+
Kg7 34. Qb3 d1=R 35. Rxd1 Re2 36. d4 Nh4 37. d5 Nf5 38. d6 Nxd6 39. Rxd6 a5 40.
Qc3+ Kh7 41. Qxa5 Rc2 42. Rd7 Rc1+ 43. Kf2 Rc2+ 44. Kf3 Rc8 45. h4 Kg7 46. g4
hxg4+ 47. Kxg4 Kh6 48. Rxf7 Rc4+ 49. Kh3 Rd4 50. Qg5# 1-0

[Event "Challenge"]
[Site "http://www.queenalice.com/game.php?id=273722"]
[Date "2007.9.18"]
[Round "-"]
[White "sunking"]
[Black "SS_SLAYER"]
[Result "1-0"]
[WhiteElo "1889"]
[BlackElo "1820"]

1. d4 Nf6 2. d5 c6 3. Nc3 cxd5 4. Nxd5 Qa5+ 5. c3 Nxd5 6. Bd2 Nf6 7. c4 Qb6 8.
b3 Ne4 9. Qb1 Qxf2+ 10. Kd1 Qxf1+ 11. Be1 1-0

[Event "Challenge"]
[Site "http://www.queenalice.com/game.php?id=274626"]
[Date "2007.9.20"]
[Round "-"]
[White "Kronista"]
[Black "SS_SLAYER"]
[Result "0-1"]
[WhiteElo "1814"]
[BlackElo "1824"]

1. e4 e5 2. Nf3 Nc6 3. Bb5 a6 4. Ba4 Bc5 5. c3 Qf6 6. O-O Nge7 7. d3 O-O 8. Bg5
Qg6 9. d4 exd4 10. cxd4 Nxd4 11. Bxe7 Bxe7 12. Qxd4 c5 13. Qe3 b5 14. Bc2 Bb7
15. Nbd2 d5 16. Rac1 d4 17. Qf4 Bc8 18. a4 c4 19. Nxd4 Bg5 20. Qf3 Bxd2 21. Rcd1
Bg4 0-1